Tame Impala - Statistics

General Stats
  • This quiz has been taken 298 times
  • The average score is 12 of 33
Answer Stats
% Correct
Longest Tame Impala song Let It Happen
80%
" Nangs
76%
Which city are Tame Impala from? Perth
68%
" Elephant
63%
Shortest Tame Impala 'song' lol Gossip
57%
" Gossip- very poor tune
57%
One-word song titles Disciples
54%
Song title is not in English, means 'fall asleep' when translated Endors Toi
52%
First song off Lonerism Be Above It
47%
" Eventually
46%
Songs with questions as titles Why Won't They Talk To Me
46%
Name the song:I was picking up a suit from the dry cleaners Past Life
45%
Name of Tame Impala's first album/EP Tame Impala
45%
" Why Won't You Make Up Your Mind
44%
First word of Disciples 'Cause
39%
Initials of the song with the most words in the title NTHHSFHBAWCC
39%
Last song off Lonerism Sun's Coming Up
38%
" Lucidity
37%
" Expectation
33%
He pulled the mirrors off his Cadillac 'cause… he doesnt like it looking like he looks back
31%
First song off Innerspeaker It Is Not Meant to Be
30%
Second shortest song She Just Won't Believe Me
29%
Name the song: Shifting, shifting, shifting a lot I Don't Really Mind
24%
Finish the lyric: Said the voice from afar… don't you know it doesn't have to be so hard
20%
" Wander
20%
" Wander
20%
" Half Full Glass of Wine
19%
" Love/Paranoia ;)
18%
Song with nice high bit which is just so good New Person, Same Old Mistakes
18%
Songs on Extraspeaker (NOT the bonus tracks on Innerspeaker and excluding remixes or reworks) Sundown Syndrome
17%
" Remember Me
16%
Pulled pork sandwich song Yes I'm Changing
8%
" Canyons Sunrise Reprise
4%
No matching quizzes found
Score Distribution
Percent of People with Each Score
Percentile by Number Answered
Your Score History
You have not taken this quiz